Synonym Unscrambler #2 - Statistics

General Stats
  • This quiz has been taken 10 times
  • The average score is 4 of 11
Answer Stats
Hint Answer % Correct
Artist Painter
100%
Pinafore Apron
50%
Reward Prize
50%
Father Parent
40%
Prologue Intro
30%
Furious Irate
30%
Attest Notarize
10%
Narcotic Opiate
10%
Align Orient
10%
9-Letter Word Patronize
10%
Obtain Pertain
10%
No matching quizzes found
Score Distribution
Percent of People with Each Score
Percentile by Number Answered
Your Score History
You have not taken this quiz